| 000 | 00624nam a2200193Ia 4500 | ||
|---|---|---|---|
| 008 | 240729s9999 xx 000 0 und d | ||
| 022 | _a1816-7950 | ||
| 245 | 0 | _aWater S.A. | |
| 260 | _aSouth Africa | ||
| 260 | _bWater Research Commission | ||
| 650 | _a Environmental technology. Sanitary engineering | ||
| 650 | _a Hydraulic engineering | ||
| 650 | _a River, lake, and water-supply engineering (General) | Technology | ||
| 650 | _a Water supply for domestic and industrial purposes | ||
| 650 | _aTechnology | ||
| 856 | _uhttps://doaj.org/toc/e021d2a4d3394a5098f8a6a4382e52a3 | ||
| 942 | _2ddc | ||
| 942 | _cDOAJEJ | ||
| 999 |
_c71286 _d71286 |
||
| 945 |
_a1 _bMadushi Gamage _c1 _dMadushi Gamage |
||